| 000 | 01126pam a2200361 a 4500 | ||
|---|---|---|---|
| 001 | 3245 | ||
| 003 | FISKH | ||
| 005 | 20240221154103.0 | ||
| 008 | 900518s1990 nyu j 000 1 eng | ||
| 010 | _a 90039627 | ||
| 020 | _a0525446729 : | ||
| 020 | _a9780439559850 | ||
| 040 |
_aDLC _cDLC _dDLC _beng |
||
| 042 | _alcac | ||
| 050 | 0 | 0 |
_aPZ7.B6265 _bFu 1990 |
| 082 | 0 | 0 |
_a[Fic] _220 |
| 100 | 1 | _aBlume, Judy. | |
| 245 | 1 | 0 |
_aFudge-a-mania / _cJudy Blume. |
| 250 | _aFirst Scholastic printing, November 2003 | ||
| 260 |
_aNew York : _bScholastic, _c1990. |
||
| 300 |
_a146 pages : _b20 cm |
||
| 505 | _aJ | ||
| 520 | _aPeter Hatcher describes his family's Maine vacation highlighted by the antics of his younger brother Fudge and the presence of his sworn enemy Sheila Tubman and her family. | ||
| 521 | 8 |
_a490
_bLexile |
|
| 521 | 8 |
_aJ _bRaz-Plus |
|
| 650 | 1 |
_aVacations _vFiction. |
|
| 650 | 1 |
_aSiblings _vFiction. |
|
| 650 | 1 |
_aFamily life _zMaine _vFiction. |
|
| 650 | 1 | _aHumorous stories. | |
| 651 | 1 |
_aMaine _vFiction. |
|
| 906 |
_a7 _bcbc _corignew _d1 _eocip _f19 _gy-gencatlg |
||
| 942 |
_2ddc _cBK _n0 |
||
| 999 |
_c3245 _d3245 |
||